Normal view
MARC view
- Cranbrook Academy of Art.
Entry Topical Term
001 - CONTROL NUMBER
- control field: 123306
003 - CONTROL NUMBER IDENTIFIER
- control field: NUST
005 - DATE AND TIME OF LATEST TRANSACTION
- control field: 20240606113739.0
008 - FIXED-LENGTH DATA ELEMENTS
- fixed length control field: 240606|| aca||aabn | a|a d
040 ## - CATALOGING SOURCE
- Original cataloging agency: NUST
- Transcribing agency: NUST
150 ## - HEADING--TOPICAL TERM
- Topical term or geographic name entry element: Cranbrook Academy of Art.
- Form subdivision: Department of Architecture
670 ## - SOURCE DATA FOUND
- Source citation: Work cat.: (NUST)609524: Cranbrook architecture :, 2023.
